书目信息 |
| 题名: |
土力学与地基基础
|
|
| 作者: | 孔军 主编 | |
| 分册: | ||
| 出版信息: | 北京 中国电力出版社 2005.01 |
|
| 页数: | 268页 | |
| 开本: | 24cm | |
| 丛书名: | 普通高等教育"十五"规划教材 | |
| 单 册: | ||
| 中图分类: | TU4-43 | |
| 科图分类: | ||
| 主题词: | 土力学--高等学校--教材 , 地基--基础 (工程)--高等学校--教材 | |
| 电子资源: | ||
| ISBN: | 7-5083-2108-1 | |
| 000 | 00767nam 2200253 450 | |
| 001 | 0152106545 | |
| 005 | 20050805111221.10 | |
| 010 | @a7-5083-2108-1@dCNY26.00 | |
| 100 | @a20050417d2005 km y0chiy0120 ea | |
| 101 | 0 | @achi |
| 102 | @aCN@b110000 | |
| 105 | @aa a 000yy | |
| 200 | 1 | @a土力学与地基基础@Atu li xue yu di ji ji chu@f孔军主编@Fkong jun zhu bian |
| 210 | @a北京@c中国电力出版社@d2005.01 | |
| 215 | @a268页@c图@d24cm | |
| 225 | 2 | @a普通高等教育"十五"规划教材 |
| 320 | @a有书目 (第268页)。 | |
| 410 | 0 | @12001 @a普通高等教育"十五"规划教材 |
| 606 | 0 | @a土力学@x高等学校@x教材 |
| 606 | 0 | @a地基@x基础 (工程)@x高等学校@x教材 |
| 690 | @aTU4-43@v4 | |
| 701 | 0 | @a孔军@Akong jun@4主编 |
| 801 | 0 | @aCN@bQSSK@c20050805 |
| 905 | @a10447@dTU4-43@eK755 | |
| 土力学与地基基础/孔军主编.-北京:中国电力出版社,2005.01 |
| 268页:图;24cm.-(普通高等教育"十五"规划教材) |
| ISBN 7-5083-2108-1:CNY26.00 |
| ● |
| 相关链接 |
|
|
|
正题名:土力学与地基基础
索取号:TU4-43/K755
 
预约/预借
| 序号 | 登录号 | 条形码 | 馆藏地/架位号 | 状态 | 备注 |
| 1 | 527370 | 205273700 | 建筑库101/101建筑库 93排3列5层/ [索取号:TU4-43/K755] | 在馆 | |
| 2 | 527371 | 205273719 | 建筑库101/101建筑库 93排3列5层/ [索取号:TU4-43/K755] | 在馆 | |
| 3 | 527372 | 205273728 | 建筑库101/101建筑库 93排3列5层/ [索取号:TU4-43/K755] | 在馆 |